01238nam a2200313Ia 4500001001200000003000800012006001900020007001500039008004100054020002600095020002300121040002100144035002100165050002500186245012500211260005800336300002900394490001900423504005100442533015200493650002400645650001500669655002900684700002200713700002600735710001700761830002000778856012600798ebr10288286CaPaEBRm u cr cn|||||||||081105s2009 enka sb 001 0 eng d z9780199535033 (cased) z0199535035 (cased) aCaPaEBRcCaPaEBR a(OCoLC)32091441214aQH367.5b.T56 2009eb04aThe timetree of lifeh[electronic resource] /cedited by S. Blair Hedges and Sudhir Kumar ; foreword by James D. Watson. aOxford ;aNew York :bOxford University Press,c2009. axxi, 551 p. :bcol. ill.1 aOxford biology aIncludes bibliographical references and index. aElectronic reproduction.bPalo Alto, Calif. :cebrary,d2011.nAvailable via World Wide Web.nAccess may be limited to ebrary affiliated libraries. 0aEvolution (Biology) 0aPhylogeny. 7aElectronic books.2local1 aHedges, S. Blair.1 aKumar, Sudhir,d1967-2 aebrary, Inc. 0aOxford biology.40uhttp://site.ebrary.com/lib/rucke/Doc?id=10288286zAn electronic book accessible through the World Wide Web; click to view